|
|
|
|
| LEADER |
00000nab a2200000 a 4500 |
| 001 |
vtls008876386 |
| 003 |
SK-MaSNL |
| 005 |
20260304150045.0 |
| 008 |
250505c2006 xo 0 slo |
| 015 |
|
|
|a SNBCL2005/5
|
| 035 |
|
|
|a SLK037878
|
| 035 |
|
|
|a urn:nbn:sk:snk-ab2ksh
|
| 035 |
|
|
|a (urnnbn)urn:nbn:sk:snk:ar-a02kse
|
| 035 |
|
|
|a (uuid)32934e03-1d1d-4080-8eba-99999881e322
|
| 040 |
|
|
|a SNKBUCL
|b slo
|c SNKBUCL
|e AACR2
|
| 041 |
0 |
|
|a slo
|
| 044 |
|
|
|a xo
|c SK
|
| 080 |
|
|
|a 616-002-07:616.15-078:577.112
|2 1981
|
| 100 |
1 |
|
|a Kišoň, Štefan
|4 adp
|9 450952
|
| 245 |
1 |
0 |
|a C-reaktívny proteín - citlivý marker zápalu
|c Štefan Kišoň
|
| 300 |
|
|
|b obr.
|
| 500 |
|
|
|a du Clos, T.: Ann. Med., 32, 2000, s. 274-278
|
| 650 |
0 |
7 |
|a zápal
|x diagnostika
|2 MESH
|9 1055565
|
| 650 |
0 |
7 |
|a C-reaktívny proteín
|x chémia
|2 MESH
|9 1469776
|
| 650 |
0 |
7 |
|a reakcia akútnej fázy
|2 MESH
|9 1433997
|
| 650 |
0 |
7 |
|a proteíny akútnej fázy
|2 MESH
|9 1443653
|
| 650 |
0 |
7 |
|a infekcie baktériové
|x diagnostika
|2 MESH
|9 1055563
|
| 650 |
0 |
7 |
|a choroby kardiovaskulárne
|x diagnostika
|2 MESH
|9 871131
|
| 650 |
0 |
7 |
|a abstrakty (publikačný typ)
|2 MESH
|9 1055455
|
| 773 |
0 |
|
|t Lekárnik
|g Roč. 11, č. 2 (2006), s. 54
|x 1335-924X
|
| 850 |
|
|
|a Slovenská národná knižnica
|
| 852 |
|
|
|a Slovenská národná knižnica
|
| 954 |
|
|
|a odborná, vedecká literatúra pôvodná (slovenská)
|2 lita
|
| 958 |
|
|
|a article27
|
| 958 |
|
|
|a OND
|
| 958 |
|
|
|a EUIPO
|
| 999 |
|
|
|c 2937855
|d 2939785
|